<?xml version="1.0" encoding="UTF-8"?>
<record
    xmlns:xsi="http://www.w3.org/2001/XMLSchema-instance"
    xsi:schemaLocation="http://www.loc.gov/MARC21/slim http://www.loc.gov/standards/marcxml/schema/MARC21slim.xsd"
    xmlns="http://www.loc.gov/MARC21/slim">

  <leader>00850cam0a220021700 4500</leader>
  <controlfield tag="001">tmp15221891</controlfield>
  <controlfield tag="003">UPRA</controlfield>
  <controlfield tag="005">20190826101100.0</controlfield>
  <controlfield tag="008">950718r19701861ne                  fre u</controlfield>
  <datafield tag="035" ind1=" " ind2=" ">
    <subfield code="a">(Sirsi) r104373</subfield>
  </datafield>
  <datafield tag="035" ind1=" " ind2=" ">
    <subfield code="a">(UPRA)tmp15221891</subfield>
  </datafield>
  <datafield tag="040" ind1=" " ind2=" ">
    <subfield code="c">UPRA</subfield>
  </datafield>
  <datafield tag="100" ind1="2" ind2=" ">
    <subfield code="a">Barbier de Meynard, C. (Charles), 1826-1908.</subfield>
    <subfield code="q">Barbier de Meynard, C. (Charles), 1826-1908.</subfield>
    <subfield code="d">Barbier de Meynard, C. (Charles), 1826-1908.</subfield>
    <subfield code="6">A61490.1</subfield>
  </datafield>
  <datafield tag="245" ind1="1" ind2="0">
    <subfield code="a">Dictionnaire geographique, historique et litteraire de la Perse, et des contrees adjacentes ... /</subfield>
    <subfield code="c">par Casimir Barbier de Meynard.</subfield>
  </datafield>
  <datafield tag="260" ind1=" " ind2=" ">
    <subfield code="a">Amsterdam :</subfield>
    <subfield code="b">Philo Press,</subfield>
    <subfield code="c">1970.</subfield>
  </datafield>
  <datafield tag="500" ind1=" " ind2=" ">
    <subfield code="a">Reprint of the Paris, 1861, ed.</subfield>
  </datafield>
  <datafield tag="651" ind1=" " ind2="0">
    <subfield code="a">Iran.</subfield>
    <subfield code="6">S47781.1</subfield>
  </datafield>
  <datafield tag="651" ind1=" " ind2="0">
    <subfield code="a">Iran -- Gazetteers.</subfield>
    <subfield code="x">Iran -- Gazetteers.</subfield>
    <subfield code="6">S47782.1</subfield>
  </datafield>
  <datafield tag="949" ind1=" " ind2=" ">
    <subfield code="a">DS270</subfield>
    <subfield code="w">lcc</subfield>
    <subfield code="i">-148386</subfield>
    <subfield code="m">MAIN</subfield>
    <subfield code="t">BOOK</subfield>
    <subfield code="l">ON-SHELF</subfield>
  </datafield>
  <controlfield tag="004">104373</controlfield>
  <datafield tag="999" ind1=" " ind2=" ">
    <subfield code="c">163071</subfield>
    <subfield code="d">163071</subfield>
  </datafield>
</record>
